| 000 | 00498nam a2200181Ia 4500 | ||
|---|---|---|---|
| 003 | GCL | ||
| 008 | 140319s9999 xx 000 0 eng d | ||
| 040 |
_aGCL / _cGCL |
||
| 082 | 0 | 4 |
_aREF _b618.92 _bR P |
| 100 | 1 | _aDAGAN, G | |
| 245 | 1 | 0 |
_aPEDIATRIC PEARLS: THE HANDBOOK OF PRACTICAL PEDIATRICS, 2nd ed / _cDAGAN, G |
| 700 | 1 | _aOABES, CALHERINE | |
| 260 |
_a[S.N] : _bMACMILLAN PUBLISHING COMPANY ، _c1993 |
||
| 300 | _a368 P | ||
| 650 | 0 | 4 | _aPEDIATRICS |
| 650 | 0 | 4 | _aMEDICINE |
| 942 |
_2ddc _cBK |
||
| 999 |
_c18341 _d18341 |
||